000 00708ata a2200277 4500
005 20260303153424.0
008 150519b1999 xxu||||| |||| 00| 0 spa d
020 _a8480029064
041 _aESP
082 _a364.1 M971d
100 _aMuñoz Sánchez, Juan
_928311
245 _aLos delitos contra la integridad moral
260 _aEspaña
260 _bTirant lo Blanch
260 _c1999
300 _a115 páginas
490 _aInvestigación Criminal
650 _aDELITOS CONTRA LA MORAL
650 _aTORTURAS
650 _aREGULACIÓN DE LA TORTURA
650 _aTRATOS DEGRADANTES
650 _aCULPABILIDAD
650 _aANTIJURICIDAD
650 _aPENALIDAD
942 _cBK
_2ddc
999 _c5742
_d5742